Statistics for Austin-Bergstrom International Airport Destinations (Austin, TX, USA)

Click here to take the quiz!

General Stats

  • This quiz has been taken 21 times
    (4 since last reset)
  • The average score is 84 of 93

Answer Stats

AirlineDestination% Correct
Southwest AirlinesAlbuquerque
100%
Southwest AirlinesAmarillo
100%
KLMAmsterdam
100%
American EagleAspen
100%
Delta Air Lines/Southwest AirlinesAtlanta
100%
American Airlines/Delta Air Lines/JetBlue/Southwest AirlinesBoston
100%
Southwest AirlinesBurbank
100%
WestJetCalgary
100%
Southwest AirlinesCharleston (SC)
100%
American AirlinesCharlotte
100%
Southwest AirlinesChicago (Midway)
100%
American Airlines/American Eagle/Southwest Airlines/United Airlines/United ExpressChicago (O'Hare)
100%
Allegiant Air/American Eagle/Delta ConnectionCincinnati
100%
Frontier AirlinesCleveland
100%
Southwest AirlinesColumbus (Glenn)
100%
American Airlines/American EagleDallas/Fort Worth
100%
Southwest AirlinesDallas (Love)
100%
American Airlines/Frontier Airlines/Southwest Airlines/United Airlines/United ExpressDenver
100%
Allegiant AirDes Moines
100%
Delta Air Lines/Spirit AirlinesDetroit
100%
American EagleEagle/Vail
100%
Southwest AirlinesEl Paso
100%
Southwest Airlines/Spirit AirlinesFort Lauderdale
100%
LufthansaFrankfurt
100%
Hawaiian AirlinesHonolulu
100%
Southwest AirlinesHouston (Hobby)
100%
United Airlines/United ExpressHouston (Intercontinental)
100%
Southwest AirlinesJacksonville (FL)
100%
Southwest AirlinesKansas City
100%
Allegiant Air/American Airlines/Delta Air Lines/Frontier Airlines/Southwest Airlines/Spirit AirlinesLas Vegas
100%
British AirwaysLondon (Heathrow)
100%
Southwest AirlinesLong Beach
100%
American Airlines/Delta Air Lines/Southwest Airlines/Spirit Airlines/United Airlines/United ExpressLos Angeles
100%
Delta ConnectionMcAllen
100%
Aeromexico ConnectMexico City
100%
American Airlines/American Eagle/Southwest AirlinesMiami
100%
Delta Air Lines/Southwest Airlines/Sun Country AirlinesMinneapolis/St. Paul
100%
Viva AerobusMonterrey
100%
Air CanadaMontreal (Trudeau)
100%
American Eagle/Delta Connection/Southwest AirlinesNashville
100%
Spirit Airlines/United AirlinesNewark
100%
American Eagle/Southwest AirlinesNew Orleans
100%
American Airlines/Delta Air Lines/JetBlueNew York (JFK)
100%
Southwest AirlinesOakland
100%
Southwest AirlinesOklahoma City
100%
Southwest AirlinesOntario
100%
Allegiant Air/American Airlines/Southwest AirlinesOrange County
100%
American Airlines/Delta Air Lines/Southwest Airlines/Spirit AirlinesOrlando
100%
Allegiant AirOrlando/Sanford
100%
American Eagle/Southwest AirlinesPanama City (FL)
100%
Copa AirlinesPanama City (Tocumen)
100%
American AirlinesPhiladelphia
100%
American Airlines/Southwest AirlinesPhoenix (Sky Harbor)
100%
Alaska AirlinesPortland (OR)
100%
Allegiant AirProvo
100%
Southwest AirlinesPuerto Vallarta
100%
American Eagle/Delta Connection/Southwest AirlinesRaleigh/Durham
100%
American EagleReno/Tahoe
100%
American Airlines/Delta Air Lines/Southwest AirlinesSalt Lake City
100%
Alaska Airlines/Allegiant Air/Southwest AirlinesSan Diego
100%
Alaska Airlines/United Airlines/United ExpressSan Francisco
100%
Southwest AirlinesSan Jose (CA)
100%
American Airlines/Southwest AirlinesSan Jose del Cabo
100%
Alaska Airlines/Delta Air LinesSeattle/Tacoma
100%
Southwest AirlinesSt. Louis
100%
Southwest AirlinesTampa
100%
Air CanadaToronto (Pearson)
100%
Southwest AirlinesTulsa
100%
Air CanadaVancouver
100%
United Airlines/United ExpressWashington (Dulles)
100%
Southwest AirlinesWashington (National)
100%
Southwest Airlines/Spirit AirlinesBaltimore
67%
Allegiant AirBozeman
67%
American Airlines/Southwest Airlines/Spirit Airlines/Sun Country AirlinesCancun
67%
Southwest AirlinesCozumel
67%
Allegiant AirEugene
67%
Allegiant AirGrand Rapids
67%
Southwest AirlinesHarlingen
67%
Allegiant Air/American Eagle/Southwest AirlinesIndianapolis
67%
Allegiant AirKnoxville
67%
Allegiant AirLouisville
67%
Southwest AirlinesLubbock
67%
Delta Connection/Southwest AirlinesMidland/Odessa
67%
Southwest AirlinesMontrose
67%
Allegiant Air/Southwest AirlinesOmaha
67%
American EaglePalm Springs
67%
Allegiant Air/Southwest AirlinesPittsburgh
67%
Southwest Airlines/Spirit AirlinesSacramento
67%
Southwest AirlinesSan Juan
67%
Allegiant Air/American Eagle/Southwest AirlinesSarasota
67%
Allegiant AirAsheville
33%
Southwest AirlinesPensacola
33%
Allegiant AirSioux Falls
0%

Score Distribution

Percentile by Number Answered

Percent of People with Each Score

Your Score History

You have not taken this quiz since the last reset